| 000 | 00792nam a2200229Ia 4500 | ||
|---|---|---|---|
| 001 | 17012 | ||
| 003 | GE_BSU | ||
| 008 | 181216s||||||||xx |||||||||||||| ||und|| | ||
| 040 | _cGE_BSU | ||
| 080 | _a821.161.1-32 | ||
| 100 | _aკუპრინი, ა.ი. (1870-1938) | ||
| 245 | _aორთა ბრძოლა | ||
| 245 | _bმოთხრობა | ||
| 245 | _cრედ.ა.დავითიანი. თარგმ. და შესავალი წერილი პლატონ ბებიასი | ||
| 260 | _aთბილისი | ||
| 260 | _bსაბჭ. საქართველო | ||
| 260 | _c1958 | ||
| 300 | _a292 გვ. : ილ. ; 21 სმ | ||
| 653 | _aმოთხრობა | ||
| 653 | _aორთა ბრძოლა | ||
| 942 | _cBK | ||
| 999 |
_c50074 _d50074 |
||